[Event "IND-ch U17"]
[Site "Saravanampatty"]
[Date "2017.10.27"]
[Round "5"]
[White "Raja, Rithvik R"]
[Black "Arunachalam Shivaa, TV."]
[Result "1-0"]
[WhiteElo "2237"]
[BlackElo "1947"]
[PlyCount "93"]
[EventDate "2017.10.24"]
[EventType "swiss"]
[EventRounds "11"]
[EventCountry "IND"]
[SourceTitle "CBM 181 Extra"]
[Source "ChessBase"]
[SourceDate "2017.12.12"]
[SourceVersion "1"]
[SourceVersionDate "2017.12.12"]
[SourceQuality "1"]

1. Nf3 e6 2. c4 f5 3. g3 Nf6 4. Bg2 Be7 5. 0-0 d6 6. d4 0-0 7. Nc3 Qe8 8. Re1 Qg6 9. e4 fxe4 10. Nxe4 Nc6 11. Nh4 Qe8 12. Ng5 e5 13. dxe5 dxe5 14. Qd3 Nb4 15. Qb3 Bc5 16. Be3 Qe7 17. Ne4 Bxe3 18. Rxe3 Nc6 19. Nxf6+ gxf6 20. Bxc6 bxc6 21. Rd1 Be6 22. Qc3 Rad8 23. Rde1 Rd4 24. b3 Rfd8 25. Qa5 Bh3 26. Qxa7 Qb4 27. a3 Qd6 28. Qa5 Rd3 29. Rxd3 Qxd3 30. Qxc7 Qd2 31. Nf3 Qd3 32. Qxc6 Qxb3 33. Qxf6 Rd1 34. Qg5+ Kh8 35. Qf6+ Kg8 36. Qg5+ Kh8 37. Qxe5+ Kg8 38. Rxd1 Qxd1+ 39. Ne1 Qc1 40. Qe8+ Kg7 41. Qe7+ Kg8 42. Qe2 Qxa3 43. Qe8+ Kg7 44. Qh5 Qc1 45. Qxh3 Qxe1+ 46. Qf1 Qa5 47. Qd3 1-0

[Event "IND-ch U17"]
[Site "Saravanampatty"]
[Date "2017.10.26"]
[Round "4"]
[White "Arunachalam Shivaa, TV."]
[Black "Mitrabha, Guha"]
[Result "1/2-1/2"]
[WhiteElo "1947"]
[BlackElo "2328"]
[PlyCount "121"]
[EventDate "2017.10.24"]
[EventType "swiss"]
[EventRounds "11"]
[EventCountry "IND"]
[SourceTitle "CBM 181 Extra"]
[Source "ChessBase"]
[SourceDate "2017.12.12"]
[SourceVersion "1"]
[SourceVersionDate "2017.12.12"]
[SourceQuality "1"]

1. e4 c6 2. d4 d5 3. exd5 cxd5 4. Bd3 Nc6 5. c3 Qc7 6. Ne2 Bg4 7. f3 Bh5 8. 0-0 e6 9. Bf4 Qd7 10. a4 Nf6 11. Na3 Bg6 12. Nc2 Nh5 13. Bg5 Bd6 14. Qd2 Qc7 15. g3 a6 16. Rae1 Na5 17. f4 Bxd3 18. Qxd3 h6 19. Bh4 f5 20. Nc1 Qf7 21. Rxe6+ Kd7 22. Rfe1 Rae8 23. Rxe8 Rxe8 24. Rxe8 Kxe8 25. Ne3 g6 26. Qe2 Kf8 27. Qf3 Nc4 28. Qxd5 Qxd5 29. Nxd5 Nxb2 30. a5 Nc4 31. Nb3 Ke8 32. Kf2 Kd7 33. Ne3 Nxe3 34. Kxe3 Ng7 35. d5 Ne8 36. c4 Bb4 37. Kd4 Nd6 38. Nc5+ Ke8 39. Nb3 Ne4 40. g4 Kd7 41. gxf5 gxf5 42. c5 Bc3+ 43. Kc4 Bb2 44. Be1 h5 45. Nd4 Bc1 46. c6+ bxc6 47. dxc6+ Kc8 48. Ne6 Nd2+ 49. Kc5 Nf3 50. Bf2 Nxh2 51. Kb6 Ng4 52. Be1 Ne3 53. Kxa6 Nd5 54. Kb5 Nxf4 55. Nxf4 Bxf4 56. Bf2 Kb8 57. a6 Ka8 58. Kc4 Bc7 59. Kc5 f4 60. Kd5 h4 61. Bxh4 1/2-1/2